LEADER 03092nam 22006255 450 001 9910585783203321 005 20251113202001.0 010 $a981-19-2553-4 024 7 $a10.1007/978-981-19-2553-5 035 $a(MiAaPQ)EBC7047926 035 $a(Au-PeEL)EBL7047926 035 $a(CKB)24272876400041 035 $a(PPN)26390248X 035 $a(OCoLC)1336985961 035 $a(DE-He213)978-981-19-2553-5 035 $a(EXLCZ)9924272876400041 100 $a20220721d2022 u| 0 101 0 $aeng 135 $aurcnu|||||||| 181 $ctxt$2rdacontent 182 $cc$2rdamedia 183 $acr$2rdacarrier 200 10$aDifferential Calculus for Engineers /$fby Gavriil Paltineanu, Ileana Bucur, Mariana Zamfir 205 $a1st ed. 2022. 210 1$aSingapore :$cSpringer Nature Singapore :$cImprint: Springer,$d2022. 215 $a1 online resource (191 pages) 225 1 $aMathematics and Statistics Series 311 08$aPrint version: Paltineanu, Gavriil Differential Calculus for Engineers Singapore : Springer,c2022 9789811925528 320 $aIncludes bibliographical references and index. 327 $aChapter 1 - Sequences of Real Numbers -- Chapter 2 - Real Number Series -- Chapter 3 - Sequence of Functions (Functional Sequences) -- Chapter 4 - Series of Functions (Functional Series) -- Chapter 5 - Functions of Several Variables -- Chapter 6 - Differential Calculus of Functions of Several Variables. 330 $aThis book gives many helps for students of technical colleges who have had usual mathematical training. The material presented in this book exceeds the content of the spoken lessons, and so, it is also useful for other engineering specialities and even for students in mathematics. The authors present in a small number of pages the basic notions and results of differential calculus concerning to: sequences and series of numbers, sequences and series of functions, power series, elements of topology in n-dimensional space, limits of functions, continuous functions, partial derivatives of functions of several variables, Taylor's formula, extrema of a function of several variables (free or with constrains), change of variables, dependent functions. 410 0$aMathematics and Statistics Series 606 $aEngineering mathematics 606 $aMathematics 606 $aMathematical analysis 606 $aEngineering Mathematics 606 $aGeneral Mathematics 606 $aIntegral Transforms and Operational Calculus 615 0$aEngineering mathematics. 615 0$aMathematics. 615 0$aMathematical analysis. 615 14$aEngineering Mathematics. 615 24$aGeneral Mathematics. 615 24$aIntegral Transforms and Operational Calculus. 676 $a620.00151 700 $aPa?ltineanu$b Gavril$01252227 702 $aBucur$b I$g(Iliana), 702 $aZamfir$b Mariana 801 0$bMiAaPQ 801 1$bMiAaPQ 801 2$bMiAaPQ 906 $aBOOK 912 $a9910585783203321 996 $aDifferential calculus for engineers$92999166 997 $aUNINA